[Event "SF-2013-0-00202"]
[Site "LSS email"]
[Date "2013.07.28"]
[Round "?"]
[White "Serafino, Paola"]
[Black "Cornacchini, Gabriele"]
[Result "1-0"]
[WhiteElo "1298"]
[BlackElo "971"]
[PlyCount "21"]
[EventDate "2013.06.23"]
[EventType "tourn (corr)"]
[EventRounds "6"]
[EventCountry "GER"]
[SourceTitle "Corr 2015"]
[Source "ChessBase"]
[SourceDate "2015.07.17"]
[SourceVersion "1"]
[SourceVersionDate "2015.07.17"]
[SourceQuality "1"]

1. e4 c5 2. Nf3 d6 3. d4 cxd4 4. Nxd4 Nf6 5. Nc3 a6 6. Bd3 e5 7. Nf3 Be7 8. 0-0 0-0 9. Bg5 Nbd7 10. Qd2 b5 11. b4 1-0

[Event "RF-2013-0-00151"]
[Site "LSS email"]
[Date "2013.04.13"]
[Round "?"]
[White "Cornacchini, Gabriele"]
[Black "Vaculik, Jakub"]
[Result "0-1"]
[WhiteElo "971"]
[BlackElo "848"]
[PlyCount "22"]
[EventDate "2013.03.12"]
[EventType "tourn (corr)"]
[EventRounds "6"]
[EventCountry "GER"]
[SourceTitle "Corr 2015"]
[Source "ChessBase"]
[SourceDate "2015.07.17"]
[SourceVersion "1"]
[SourceVersionDate "2015.07.17"]
[SourceQuality "1"]

1. b4 e5 2. Bb2 d6 3. c4 Be7 4. e3 Nf6 5. Nf3 Nbd7 6. Be2 0-0 7. 0-0 b6 8. d3 Bb7 9. Nbd2 c6 10. a4 Qc7 11. Qc2 d5 0-1

[Event "LSS ZL-2009-0-00627"]
[Site "LSS email"]
[Date "2009.12.13"]
[Round "?"]
[White "Cornacchini, Gabriele"]
[Black "Molano Lafuente, Ismael"]
[Result "0-1"]
[WhiteElo "1056"]
[BlackElo "1309"]
[PlyCount "22"]
[EventDate "2009.12.05"]
[EventType "match (corr)"]
[EventRounds "2"]
[EventCountry "GER"]
[SourceTitle "Corr 2013"]
[Source "ChessBase"]
[SourceDate "2012.11.12"]
[SourceVersion "1"]
[SourceVersionDate "2012.11.12"]
[SourceQuality "1"]

1. b4 c6 2. Bb2 Qb6 3. a3 a5 4. c4 axb4 5. c5 Qc7 6. axb4 Rxa1 7. Bxa1 Na6 8. Qb3 d6 9. e3 Nf6 10. Bxa6 bxa6 11. Nf3 Be6 0-1

[Event "LSS RF-2008-0-00007"]
[Site "LSS email"]
[Date "2008.03.20"]
[Round "?"]
[White "Cornacchini, Gabriele"]
[Black "Eilering, David L"]
[Result "0-1"]
[WhiteElo "1048"]
[BlackElo "912"]
[PlyCount "24"]
[EventDate "2008.03.06"]
[EventType "tourn (corr)"]
[EventRounds "6"]
[EventCountry "GER"]
[SourceTitle "Corr 2013"]
[Source "ChessBase"]
[SourceDate "2012.11.12"]
[SourceVersion "1"]
[SourceVersionDate "2012.11.12"]
[SourceQuality "1"]

1. e4 c6 2. d4 d5 3. Nc3 dxe4 4. Nxe4 Bf5 5. Ng3 Bg6 6. Nf3 Nd7 7. h4 h6 8. h5 Bh7 9. Bd3 Bxd3 10. Qxd3 e6 11. Bd2 Ngf6 12. 0-0-0 Be7 0-1

[Event "LSS RL-2007-0-00093"]
[Site "LSS email"]
[Date "2007.04.06"]
[Round "?"]
[White "Cornacchini, Gabriele"]
[Black "Shi, Paul"]
[Result "0-1"]
[WhiteElo "1056"]
[BlackElo "1338"]
[PlyCount "26"]
[EventDate "2007.03.30"]
[EventType "tourn (corr)"]
[EventRounds "6"]
[EventCountry "GER"]
[SourceTitle "Corr 2015"]
[Source "ChessBase"]
[SourceDate "2015.07.17"]
[SourceVersion "1"]
[SourceVersionDate "2015.07.17"]
[SourceQuality "1"]

1. b4 a5 2. b5 d5 3. a4 e5 4. Bb2 Bd6 5. Nf3 Qe7 6. e3 Nf6 7. c4 c6 8. Be2 0-0 9. 0-0 Bf5 10. d3 Nbd7 11. Nbd2 e4 12. Nd4 Qe5 13. g3 Bh3 0-1

[Event "LSS RL-2007-0-00093"]
[Site "LSS email"]
[Date "2007.04.05"]
[Round "?"]
[White "Trevis, Robert R"]
[Black "Cornacchini, Gabriele"]
[Result "1-0"]
[WhiteElo "650"]
[BlackElo "1056"]
[PlyCount "23"]
[EventDate "2007.03.30"]
[EventType "tourn (corr)"]
[EventRounds "6"]
[EventCountry "GER"]
[SourceTitle "Corr 2015"]
[Source "ChessBase"]
[SourceDate "2015.07.17"]
[SourceVersion "1"]
[SourceVersionDate "2015.07.17"]
[SourceQuality "1"]

1. e4 c5 2. Nf3 d6 3. d4 cxd4 4. Nxd4 Nf6 5. Nc3 a6 6. Be3 g6 7. Be2 Bg7 8. 0-0 0-0 9. Qd2 b5 10. Bh6 Bb7 11. Bxg7 Kxg7 12. Bf3 1-0

[Event "LSS RL-2007-0-00093"]
[Site "LSS email"]
[Date "2007.04.04"]
[Round "?"]
[White "Cornacchini, Gabriele"]
[Black "Csoma, Robert"]
[Result "0-1"]
[WhiteElo "1056"]
[BlackElo "1183"]
[PlyCount "22"]
[EventDate "2007.03.30"]
[EventType "tourn (corr)"]
[EventRounds "6"]
[EventCountry "GER"]
[SourceTitle "Corr 2015"]
[Source "ChessBase"]
[SourceDate "2015.07.17"]
[SourceVersion "1"]
[SourceVersionDate "2015.07.17"]
[SourceQuality "1"]

1. b4 e6 2. Bb2 Nf6 3. b5 c6 4. c4 d5 5. e3 Be7 6. Nf3 0-0 7. a4 Nbd7 8. Be2 Qc7 9. h3 e5 10. 0-0 e4 11. Nd4 Re8 0-1

[Event "LSS RL-2007-0-00092"]
[Site "LSS email"]
[Date "2007.03.31"]
[Round "?"]
[White "Cornacchini, Gabriele"]
[Black "Nemeth, Laszlo"]
[Result "0-1"]
[WhiteElo "1056"]
[BlackElo "1291"]
[PlyCount "28"]
[EventDate "2007.03.30"]
[EventType "tourn (corr)"]
[EventRounds "6"]
[EventCountry "GER"]
[SourceTitle "Corr 2015"]
[Source "ChessBase"]
[SourceDate "2015.07.17"]
[SourceVersion "1"]
[SourceVersionDate "2015.07.17"]
[SourceQuality "1"]

1. b4 e5 2. Bb2 Bxb4 3. Bxe5 Nf6 4. e3 Nc6 5. Bb2 d5 6. Nf3 0-0 7. Be2 Bg4 8. 0-0 Re8 9. a3 Bd6 10. c4 Qe7 11. cxd5 Nxd5 12. Bc4 Bxf3 13. Qxf3 Qh4 14. g3 Qxc4 0-1

[Event "IECG RL.2007.0.00090 email"]
[Site "IECG email"]
[Date "2007.03.21"]
[Round "?"]
[White "Cornacchini, Gabriele"]
[Black "Weiss, Frederic J Marie"]
[Result "1-0"]
[WhiteElo "1423"]
[BlackElo "1070"]
[PlyCount "47"]
[EventDate "2007.03.21"]
[EventType "tourn (corr)"]
[EventRounds "6"]
[SourceTitle "Corr 2008"]
[Source "ChessBase"]
[SourceDate "2008.06.24"]
[SourceVersion "1"]
[SourceVersionDate "2008.06.24"]
[SourceQuality "1"]

1. b4 b6 2. Bb2 Bb7 3. e3 f5 4. Nf3 Nf6 5. Be2 g6 6. 0-0 Bg7 7. c4 0-0 8. d3 d6 9. Nbd2 Nbd7 10. Qc2 c5 11. b5 e5 12. Ng5 Qe7 13. a4 Nd5 14. cxd5 Qxg5 15. Nf3 Qe7 16. e4 fxe4 17. dxe4 Nf6 18. Nd2 Rf7 19. f4 exf4 20. Rxf4 Nxd5 21. Rxf7 Kxf7 22. Bc4 Bh6 23. Nf3 Ke8 24. Bxd5 1-0

[Event "LSS SL-2006-0-00055"]
[Site "LSS email"]
[Date "2006.12.23"]
[Round "?"]
[White "Cornacchini, Gabriele"]
[Black "Snitselaar, Jerry J"]
[Result "0-1"]
[WhiteElo "1056"]
[BlackElo "1313"]
[PlyCount "30"]
[EventDate "2006.12.12"]
[EventType "tourn (corr)"]
[EventRounds "10"]
[EventCountry "GER"]
[SourceTitle "Corr 2015"]
[Source "ChessBase"]
[SourceDate "2015.07.17"]
[SourceVersion "1"]
[SourceVersionDate "2015.07.17"]
[SourceQuality "1"]

1. e4 c5 2. Nf3 g6 3. c3 Bg7 4. d4 cxd4 5. cxd4 d5 6. e5 Bg4 7. Be2 Nc6 8. Nc3 Nh6 9. Bxh6 Bxh6 10. 0-0 0-0 11. h3 Be6 12. Re1 Qc7 13. a3 a6 14. Nh2 Rac8 15. Ng4 Bg5 0-1